00765nam a2200193 a 450000100100000000500170001000800410002704000250006810000290009324000320012224501050015426000590025930000230031850000340034170000330037570000410040895201050044999900170055400003888520201002031415.0130501s1964 ag 000 0 spa d aDO-SdBNPbspacBNPHU1 aOsman Hill, W. C.96515610aMan as an AnimallEspañol13aEl hombre como animal /cW. C. Osman Hill ; traducida por Osvaldo A. Reig y Estela Santilli de Reig. aBuenos Aires :bUniversitaria de Buenos Aires ,c1964. a235 p. : ;c18 cm. aTraducido del idioma inglés1 aReig, Osvaldo A.etr.9651571 aSantilli de Reig, Estelaetr.965158 001050718MOaPDbPDcCTd2013-05-01iLF1l0o p38885-10r2020-06-25w2020-06-25y1ZNo se presta c38375d38375